000 00284nam a2200121Ia 4500
008 190216s9999||||xx |||||||||||||| ||und||
100 _aRaveendranatha Tagore
245 0 _aHindi-Geethanjali
260 _bPrakasha Yend Shamsh
_c2011
300 _a176
650 _aHindi
942 _cBK
999 _c16753
_d16753